Hodnotenie zvarových spojov konštrukčných ocelí vyhotovených zváraním laserom podľa teórie "vhodnosti pre prevádzku" : Dizertačná práca
Guardado en:
| Autor principal: | |
|---|---|
| Otros Autores: | |
| Formato: | Libro |
| Lenguaje: | eslovaco |
| Publicado: |
Trnava :
STU v Bratislave MTF UVTE KZv,
2007
|
| Materias: | |
| Etiquetas: |
Sin Etiquetas, Sea el primero en etiquetar este registro!
|
MARC
| LEADER | 00000nam a22000003a 4500 | ||
|---|---|---|---|
| 001 | stu166054 | ||
| 005 | 20150617230031.4 | ||
| 008 | 080627s2007----xo------------------slo-d | ||
| 040 | |a STU |b slo | ||
| 041 | 0 | |a slo | |
| 044 | |a xo | ||
| 100 | 1 | |a Karvanská, Silvia, |d 1981- |4 aut |u M140 |T MTF Katedra zvárania |X 10041 |U M140 |Y M140 |7 A000010041 | |
| 245 | 1 | |a Hodnotenie zvarových spojov konštrukčných ocelí vyhotovených zváraním laserom podľa teórie "vhodnosti pre prevádzku" : |b Dizertačná práca | |
| 260 | |a Trnava : |b STU v Bratislave MTF UVTE KZv, |c 2007 | ||
| 300 | |a 147 s |c príl (autoreferát) | ||
| 500 | |a Obhajoba dizert. práce: 18.3.2008 | ||
| 500 | |a Odbor: Strojárske technológie a materiály 23-07-9 | ||
| 650 | 7 | |a zvarové spoje |2 stusub | |
| 650 | 7 | |a konštrukčné ocele |2 stusub | |
| 650 | 7 | |a zváranie laserom |2 stusub | |
| 700 | 1 | |a Ulrich, Koloman, |d 1946- |4 ths |u M3000 |U MTF Materiálovotechnologická fakulta |T MTF Ústav výrobných technológií |X 1417 |U M3000 |Y 83 |7 A000001417 | |
| 996 | |b 284M067979 |c M*DzP-84 |l MMSKP |s P |a 0 |w stu166054_0001 | ||